| 000 | 01875cam a22004573a 4500 | ||
|---|---|---|---|
| 001 | 15944388 | ||
| 003 | OSt | ||
| 005 | 20260128161135.0 | ||
| 008 | 960910s1966 xx 000 0deng | ||
| 010 | _a 2009658137 | ||
| 020 | _a014045019x | ||
| 035 | _a15944388 | ||
| 035 | _acoe96001647 | ||
| 040 |
_aKABLIB _cKABLIB |
||
| 050 | 0 | 0 |
_aPN2093 _b.C64 1995 no. M56 |
| 082 |
_223 _a822 _bSHA |
||
| 245 | 0 | 0 | _aMan and superman. |
| 260 |
_cc1966. _aNew york _bPenguin |
||
| 300 |
_a264 p. : _c20 cm |
||
| 336 |
_atext _btxt _2rdacontent |
||
| 337 |
_aunmediated _bn _2rdamedia |
||
| 338 |
_avolume _bnc _2rdacarrier |
||
| 500 | _aOlney Theatre, June 22-July 10, 1966. | ||
| 500 | _aTitle devised by Library staff. | ||
| 500 | _aCast: Mark Hammer, Donna Lynn Griessmer, Richard Bauer, Robert Milli, Joyce Ebert, Marie Carroll, Pat Hecht, Halo Wines, Richard Curnock, Chris Sarandon, Edward McPhillips. | ||
| 520 | _aOlney Theatre, "Man and Superman," by George Bernard Shaw, directed by Leo Brady, settings and lighting by James D. Waring, costumes by Joseph Lewis. | ||
| 580 | _aIn: Richard L. Coe Theater Programs Collection (Library of Congress). | ||
| 655 | 7 |
_aTheater programs _zMaryland _zOlney. _2rbgenr _912683 |
|
| 655 | 7 |
_aTheater programs _y1966. _2rbgenr _912557 |
|
| 700 | 1 |
_aBrady, Leo, _d1917- _914816 |
|
| 700 | 1 |
_aWaring, James D. _912571 |
|
| 700 | 1 |
_aLewis, Joseph H., _d1907-2000. _912570 |
|
| 700 | 1 |
_aShaw, Bernard, _d1856-1950. _tMan and superman. _914817 |
|
| 710 | 2 |
_aOlney Theatre (Organization : Olney, Md.) _912687 |
|
| 710 | 2 |
_aRichard L. Coe Theater Programs Collection (Library of Congress) _5DLC _96127 |
|
| 752 |
_aUnited States _bMaryland _dOlney. |
||
| 906 |
_a7 _bcbc _corigres _d2 _encip _f20 _gy-genrareb |
||
| 942 |
_2ddc _cBOOK |
||
| 999 |
_c5876 _d5876 |
||